MANUAL OF NURSING PROCEDURES AND PRACTICE (Record no. 27355)

MARC details
000 -LEADER
fixed length control field 00445nam a22001697a 4500
003 - CONTROL NUMBER IDENTIFIER
control field SGT
020 ## - INTERNATIONAL STANDARD BOOK NUMBER
International Standard Book Number 9789393553294
082 ## - DEWEY DECIMAL CLASSIFICATION NUMBER
Classification number 610.73
Item number M23O
100 ## - MAIN ENTRY--PERSONAL NAME
Personal name OMAYAL, ACHI COLLEGE OF NURSING
245 ## - TITLE STATEMENT
Title MANUAL OF NURSING PROCEDURES AND PRACTICE
250 ## - EDITION STATEMENT
Edition statement 3RD
260 ## - PUBLICATION, DISTRIBUTION, ETC. (IMPRINT)
Place of publication, distribution, etc INDIA
Name of publisher, distributor, etc WOLTERS KLUWER PUB
Year of Publication 2023
300 ## - PAGE DESCRIPTION
No. of Pages 640,1367
650 ## - SUBJECT ADDED ENTRY--TOPICAL TERM
Topical term or geographic name as entry element NURSING PROCEDURES
653 ## - KEYWORDS--INDEX TERM
Keyword term NURSING PROCEDURES AND PRACTICE
942 ## - ADDED ENTRY ELEMENTS (KOHA)
Source of classification or shelving scheme Dewey Decimal Classification
Koha item type Books
942 ## - ADDED ENTRY ELEMENTS (KOHA)
-- 1
Holdings
Withdrawn status Lost status Source of classification or shelving scheme Damaged status Not for loan Collection code Home library Current library Shelving location Date acquired Vendor Name Cost, normal purchase price Volume Information (Serial or Books or Non-Book Material) SGTU Bill Number Full call number Accession No. (Barcode) Date last seen Bill Date Koha item type Total Checkouts Date last borrowed
    Dewey Decimal Classification   Not For Loan NURSING SGT Medical Library SGT Medical Library Reference Book 29/08/2024 ABC DELHI 1799.00 VOL-1 SGTU 19450 610.73 M23O FN5591 15/11/2024 29/08/2024 Books    
    Dewey Decimal Classification     NURSING SGT Medical Library SGT Medical Library Text Book 29/08/2024 ABC DELHI 1799.00 VOL-1 SGTU 19450 610.73 M23O FN5592 27/01/2026 29/08/2024 Books 2 08/01/2026
    Dewey Decimal Classification     NURSING SGT Medical Library SGT Medical Library Text Book 29/08/2024 ABC DELHI 1799.00 VOL-1 SGTU 19450 610.73 M23O FN5593 27/06/2025 29/08/2024 Books 2 26/06/2025
    Dewey Decimal Classification     NURSING SGT Medical Library SGT Medical Library Text Book 29/08/2024 ABC DELHI 1799.00 VOL-1 SGTU 19450 610.73 M23O FN5594 15/11/2024 29/08/2024 Books    
    Dewey Decimal Classification     NURSING SGT Medical Library SGT Medical Library Text Book 29/08/2024 ABC DELHI 1799.00 VOL-1 SGTU 19450 610.73 M23O FN5595 17/12/2025 29/08/2024 Books 2 04/12/2025
    Dewey Decimal Classification   Not For Loan NURSING SGT Medical Library SGT Medical Library Reference Book 29/08/2024 ABC DELHI 0.00 VOL-2 SGTU 19450 610.73 M23O FN5596 15/11/2024 29/08/2024 Books    
    Dewey Decimal Classification     NURSING SGT Medical Library SGT Medical Library Text Book 29/08/2024 ABC DELHI 0.00 VOL-2 SGTU 19450 610.73 M23O FN5597 15/11/2024 29/08/2024 Books    
    Dewey Decimal Classification     NURSING SGT Medical Library SGT Medical Library Text Book 29/08/2024 ABC DELHI 0.00 VOL-2 SGTU 19450 610.73 M23O FN5598 15/11/2024 29/08/2024 Books    
    Dewey Decimal Classification     NURSING SGT Medical Library SGT Medical Library Text Book 29/08/2024 ABC DELHI 0.00 VOL-2 SGTU 19450 610.73 M23O FN5599 15/11/2024 29/08/2024 Books    
    Dewey Decimal Classification     NURSING SGT Medical Library SGT Medical Library Text Book 29/08/2024 ABC DELHI 0.00 VOL-2 SGTU 19450 610.73 M23O FN5600 15/11/2024 29/08/2024 Books